000 00392nam a2200169Ia 4500
008 230524s9999 xx 000 0 und d
020 _a1584503963
082 _a5.8
_bSMI
100 _aPeter G. Smith
245 0 _aLinux Network security
250 _a1ST
260 _aMUMBAI
_bShroff
_c2005
300 _aXVIII;541
500 _aQuantity Number: 2
650 _aComp-Sc
942 _cBK
999 _c15610
_d15610